000 00415nam a22001217a 4500
003 SGT
082 _a891.4309
_bB02S
100 _aसिंह, विजय बहादुर
245 _aभवानी प्रसाद रचनावली
260 _bअनामिका पब्लिशर्स एंड डिस्ट्रीब्यूटर्स
_c2002
300 _a492
942 _2ddc
_cBK
999 _c31230
_d31230